000 00406nam a2200157 i 4500
001 bg
100 1 _aBRUSZEWSKI, Tadeusz
245 0 _aPomoce do nauczania przedmiotu "Uniwersalna Klasyfikacja Dziesiętna" /
_cT. Bruszewski.
250 _aWyd.2 popr.
260 _aWarszawa,
_c1985.
040 _cBPK
041 _apol
080 _a025.45
942 _cKS
008 s pl f |000 0 pol
999 _c23583
_d23583
856 _uhttp://koha.tu.koszalin.pl/cgi-bin/koha/opac-detail.pl?biblionumber=23583
_yKatalog online BPK